De Pokemon en Pokemon 100 noms - Statistiques

Statistiques générales
  • Ce quiz a été pris 29 fois
  • Le résultat moyen est 5 sur 100
Statistiques - réponses
Indice Marque % Correct
7e Lougaroc
60%
3e Camérupt
35%
1ère Tentacool
20%
3e Laggron
15%
1ère Léviator
15%
5e Lianaja
15%
1ère Reptincel
15%
1ère Elektek
10%
1ère Empiflor
10%
3e Eoko
10%
4e Etouraptor
10%
6e Flabébé
10%
5e Incisache
10%
4e Lixy
10%
1ère Nidoran
10%
1ère Noeunoeuf
10%
2e Nostenfer
10%
6e Nymphali
10%
3e Obalie
10%
3e Oniglali
10%
1ère Rhinoféros
10%
7e Ama-Ama
5%
5e Anchwatt
5%
7e Argouste
5%
2e Axoloto
5%
5e Déflaisan
5%
8e Dolman
5%
3e Drackhaus
5%
2e Ecrémeuh
5%
1ère Ectoplasma
5%
8e Ethernatos
5%
4e Etourvol
5%
3e Galeking
5%
2e Germignon
5%
6e Hoopa
5%
2e Hyporoi
5%
6e Iguolta
5%
2e Insolourdo
5%
8e Ixon
5%
1ère Krabby
5%
3e Lilia
5%
5e Mascaïman
5%
3e Ningale
5%
2e Noarfang
5%
5e Nodulithe
5%
7e Nounourson
5%
5e Ouvrifier
5%
2e Rémoraid
5%
4e Rhinastoc
5%
1ère Saquedeneu
5%
4e Simiabraz
5%
1ère Smogo
5%
1ère Staross
5%
1ère Tadmorv
5%
1ère Têtarte
5%
2e Ursaring
5%
3e Wailord
5%
5e Zéblitz
5%
5e Zekrom
5%
5e Aflamanoir
0%
3e Altaria
0%
6e Araqua
0%
7e Archéduc
0%
8e Arrozard
0%
8e Astronelle
0%
8e Charbi
0%
5e Cliticlic
0%
7e Cosmog
0%
8e Crémy
0%
5e Darumarond
0%
2e Debugant
0%
3e Dynavolt
0%
7e Ecaïd
0%
8e Embrochet
0%
6e Excavarenne
0%
5e Furaiglon
0%
1ère Gravalanch
0%
8e Grillepattes
0%
8e Khélocrok
0%
5e Kyurem
0%
3e Mangriff
0%
7e Marshadow
0%
5e Mélancolux
0%
7e Necrozma
0%
1ère Otaria
0%
4e Ouisticram
0%
1ère Piafabec
0%
3e Regirock
0%
6e Rexillius
0%
8e Scolocendre
0%
6e Sepiatroce
0%
8e Shifours
0%
5e Sorboul
0%
5e Terrakium
0%
7e Tokotoro
0%
8e Toxizap
0%
2e Volcaropod
0%
6e Xerneas
0%
2e Ymphect
0%
6e Yveltal
0%
Aucun quiz correspondant
Distribution des résultats
% des personnes avec chaque résultat
Percentile par nombre de réponses
Votre historique - résultats
Vous n’avez pas pris ce quiz